| 000 | 00407nam a2200133 i 4500 | ||
|---|---|---|---|
| 001 | 52948 | ||
| 003 | ES-MaACL | ||
| 007 | t| | ||
| 008 | 030930s1876 fr ||||1| fre d | ||
| 100 | 1 |
_aDollfus, Gustave-Frédéric. _945032 |
|
| 245 | 1 | 0 |
_aNote sur une nouvelle coupe observée áa Rilly-la-Montagne, près Reims / _cpar Gustave Dollfus. |
| 260 |
_aLille : _b[s.n.], _c1876. |
||
| 852 |
_aES-MaACL _jT-962-F-15 |
||
| 999 |
_c52948 _d52948 |
||